000 01282ngm a22002770a 4500
001 PT19532
003 AR-LpoUNG
005 20210202000311.0
007 vd cvaizq
008 191001suuuu||||ag |||||||||||||||||eng d
037 _c$9,97
040 _aAR-LpoUNG
_bspa
_cAR-LpoUNG
_eaacr
041 _aeng
044 _aag
082 0 _a822.33 816hen
100 1 _aBranagh, Kenneth
_edir.
245 1 0 _aHenry V
260 _aBuenos Aires :
_bTransmundo Home Video,
_c[1989].
300 _aVHS (137 min.) : son., col.
520 _aHace cinco siglos y medio, un joven de 27 años reinó sobre los dominios de la más poderosa e importante nación del mundo medieval Inglaterra. Henry V ocupó el trono apenas por nueve años, pero su pasaje por el trono de un país envuelto en constantes batallas por la conquista de nueve territorios estuvo marcada por acontecimientos que llevaron al dramaturgo William Shakespeare a escribir, casi dos siglos después, la brillante historia que llegó a las pantallas cinematográficas, ganando el Oscar de la Academia de Hollywood al Mejor Vestuario y el premio como Mejor Director de la Academia Británica de Cine.
650 4 _aINGLATERRA
653 _aLITERATURA INGLESA
653 _aVIDEOS
905 _a19532
942 _cVIDEO
999 _c54560
_d54560